Online
Catalog

Las cien mejores poesías líricas de Puerto Rico / (Record no. 34568)

MARC details
000 -CABECERA
campo de control de longitud fija 00729nam a2200205 a 4500
001 - NÚMERO DE CONTROL
campo de control 000035077
005 - FECHA Y HORA DE LA ÚLTIMA TRANSACCIÓN
campo de control 20200930074105.0
008 - DATOS DE LONGITUD FIJA--INFORMACIÓN GENERAL
campo de control de longitud fija 110801s1929 ag c 000 p spa d
020 ## - NÚMERO INTERNACIONAL ESTÁNDAR DEL LIBRO
Número Internacional Estándar del Libro 8449905141
040 ## - FUENTE DE LA CATALOGACIÓN
Centro catalogador/agencia de origen DO-SdBNP
Lengua de catalogación spa
Centro/agencia transcriptor BNPHU
082 ## - NÚMERO DE LA CLASIFICACIÓN DECIMAL DEWEY
Número de clasificación PR861.08
Número de documento/Ítem C569m
245 00 - MENCIÓN DE TÍTULO
Título Las cien mejores poesías líricas de Puerto Rico /
Mención de responsabilidad, etc. selección, prólogo y siluetas por Jorge Luis Morales.
260 ## - PUBLICACIÓN, DISTRIBUCIÓN, ETC.
Lugar de publicación, distribución, etc. Rio Piedra :
Nombre del editor, distribuidor, etc. Edil,
Fecha de publicación, distribución, etc. 1929.
300 ## - DESCRIPCIÓN FÍSICA
Extensión 289 p. ;
Dimensiones 20 cm.
590 ## - NOTA LOCAL (RLIN)
Nota local Perteneció a la biblioteca personal de Juan Isidro Jimenes Grullón.
650 #4 - PUNTO DE ACCESO ADICIONAL DE MATERIA--TÉRMINO DE MATERIA
Término de materia o nombre geográfico como elemento de entrada Poesía puertorriqueña
9 (RLIN) 1015
650 #4 - PUNTO DE ACCESO ADICIONAL DE MATERIA--TÉRMINO DE MATERIA
Término de materia o nombre geográfico como elemento de entrada Literatura puertorriqueña
9 (RLIN) 250
700 12 - PUNTO DE ACCESO ADICIONAL--NOMBRE DE PERSONA
Nombre de persona Morales , Jorge Luis
9 (RLIN) 60737
910 ## - DATOS DE OPCIÓN DEL USUARIO (OCLC)
Datos de opción del usuario Validado. Control de calidad MFF
Holdings
Estado de retiro Estado de pérdida Restricciones de uso No para préstamo Código de colección Localización permanente Ubicación/localización actual Ubicación en estantería Fecha de adquisición Número de inventario Total de préstamos Signatura topográfica completa Código de barras Fecha visto por última vez Precio válido a partir de Tipo de ítem Koha Nota pública
      Excluido de préstamo Monografías: Libros y Folletos General General Depósito 24.10.2011 LF1   PR861.08 C569m 35077-10 25.06.2020 25.06.2020 No se presta Perteneció a la biblioteca personal de Juan Isidro Jimenes -Grullón

Powered by Koha